Garden of the Purple Dragon / (Record no. 4838)
[ view plain ]
| 000 -LEADER | |
|---|---|
| fixed length control field | 01178nam a22003017a 4500 |
| 001 - CONTROL NUMBER | |
| control field | 4838 |
| 003 - CONTROL NUMBER IDENTIFIER | |
| control field | FISKH |
| 005 - DATE AND TIME OF LATEST TRANSACTION | |
| control field | 20241017135717.0 |
| 008 - FIXED-LENGTH DATA ELEMENTS--GENERAL INFORMATION | |
| fixed length control field | 241017b cb ||||| |||| 00| 0 eng d |
| 020 ## - INTERNATIONAL STANDARD BOOK NUMBER | |
| International Standard Book Number | 9780545117791 |
| 040 ## - CATALOGING SOURCE | |
| Original cataloging agency | FISKH |
| Language of cataloging | eng |
| Transcribing agency | FISKH |
| Modifying agency | FISKH |
| 050 ## - LIBRARY OF CONGRESS CALL NUMBER | |
| Classification number | PZ7.W6493 |
| 082 ## - DEWEY DECIMAL CLASSIFICATION NUMBER | |
| Classification number | 823.92 |
| 100 ## - MAIN ENTRY--PERSONAL NAME | |
| Personal name | Wilkinson, Carole |
| 245 ## - TITLE STATEMENT | |
| Title | Garden of the Purple Dragon / |
| Statement of responsibility, etc. | by Carole Wilkinson |
| 250 ## - EDITION STATEMENT | |
| Edition statement | This edition first printing, December 2008 |
| 260 ## - PUBLICATION, DISTRIBUTION, ETC. | |
| Place of publication, distribution, etc. | New York : |
| Name of publisher, distributor, etc. | Scholastic ; |
| Date of publication, distribution, etc. | 2005 . |
| 300 ## - PHYSICAL DESCRIPTION | |
| Extent | 354 pages : |
| Other physical details | illustration ; |
| Dimensions | 20 cm . |
| 490 ## - SERIES STATEMENT | |
| Series statement | Dragonkeeper |
| Volume/sequential designation | Book 2 |
| 505 ## - FORMATTED CONTENTS NOTE | |
| Formatted contents note | R <br/> |
| 520 ## - SUMMARY, ETC. | |
| Summary, etc. | In China during the Han Dynasty, young Ping, doubting that she is the true dragonkeeper, struggles to care for the baby dragon, Kai, in the desolate mountains of Tai Shan, until fate leads her back to the Imperial Palace and the Garden of the Purple Dragon, but even in the safety of the palace, enemies abound and tempt her to try to escape her destiny. |
| 521 8# - TARGET AUDIENCE NOTE | |
| Target audience note | 730 <br/> |
| Source | Lexile <br/> |
| 521 8# - TARGET AUDIENCE NOTE | |
| Target audience note | R <br/> |
| Source | Raz-Plus <br/> |
| 650 ## - SUBJECT ADDED ENTRY--TOPICAL TERM | |
| Topical term or geographic name entry element | dragon |
| Form subdivision | fiction |
| 700 ## - ADDED ENTRY--PERSONAL NAME | |
| Personal name | Peter, Knecht |
| Relator term | translator |
| 942 ## - ADDED ENTRY ELEMENTS (KOHA) | |
| Source of classification or shelving scheme | Dewey Decimal Classification |
| Koha item type | Books |
| Suppress in OPAC | No |
| Withdrawn status | Lost status | Source of classification or shelving scheme | Damaged status | Not for loan | Collection | Home library | Current library | Shelving location | Date acquired | Total Checkouts | Full call number | Barcode | Date last seen | Price effective from | Koha item type |
|---|---|---|---|---|---|---|---|---|---|---|---|---|---|---|---|
| Dewey Decimal Classification | Fiction | Footprints International School Library Network Toul Kork Campus | Footprints International School Library Network Toul Kork Campus | TTP Secondary Fiction Bookshelves | 10/17/2024 | WIL 823.92 PZ7.W6493 | FISSE00979 | 10/17/2024 | 10/17/2024 | Books |
